[Event "RSA-chT U20"]
[Site "Boksburg"]
[Date "2020.01.06"]
[Round "4.4"]
[White "Ramogoshi, Glen"]
[Black "Zondo, Linda"]
[Result "0-1"]
[WhiteElo "1279"]
[BlackElo "1387"]
[PlyCount "102"]
[EventDate "2020.01.04"]
[EventType "team-tourn"]
[EventRounds "7"]
[EventCountry "RSA"]
[SourceTitle "CBM 194 Extra"]
[Source "ChessBase"]
[SourceDate "2020.03.31"]
[SourceVersion "1"]
[SourceVersionDate "2020.03.31"]
[SourceQuality "1"]
[WhiteTeam "Capricorn U20"]
[BlackTeam "Sedibeng U20"]
[WhiteTeamCountry "RSA"]
[BlackTeamCountry "RSA"]

1. e4 e6 2. d4 d5 3. e5 c5 4. c3 Ne7 5. Bd3 Qb6 6. Nf3 Nec6 7. Bc2 Bd7 8. 0-0 cxd4 9. cxd4 Nb4 10. Nc3 Nxc2 11. Qxc2 Nc6 12. Be3 Na5 13. Nd2 Rc8 14. Rfe1 Nc4 15. Nxc4 Rxc4 16. Rec1 Be7 17. b3 Rc7 18. Qe2 0-0 19. Rc2 Rfc8 20. Rac1 Ba3 21. Na4 Bxa4 22. Rxc7 Rxc7 23. Rxc7 Qxc7 24. bxa4 Qc4 25. Kf1 Qxa4 26. f4 Qc4 27. Qxc4 dxc4 28. Ke2 Kf8 29. g4 Ke7 30. Kd2 Bb4+ 31. Kc2 Kd7 32. f5 Kc6 33. Bd2 Bxd2 34. Kxd2 Kd5 35. Kc3 b5 36. a3 g6 37. fxe6 fxe6 38. h4 h5 39. g5 a5 40. a4 b4+ 41. Kb2 Kxd4 42. Kc2 Kxe5 43. Kd2 Kd4 44. Kc2 e5 45. Kb2 e4 46. Ka2 e3 47. Kb2 e2 48. Ka2 e1Q 49. Kb2 c3+ 50. Ka2 Qd2+ 51. Kb1 Qb2# 0-1